Ranking polskich streamerów/erek 2025 - Statystyki

Ogólne statystyki
  • Ten quiz został rozwiązany 69 razy
  • Średni wynik to 10 z 40
Statystyki odpowiedzi
Godziny
oglądane:
Nazwa: % Poprawnych
186 342 KASIX
78%
867 267 YOUNGMULTI
78%
112 162 NIEUCZESANA
76%
714 139 EWROON
67%
205 598 BANDURACARTEL
64%
334 543 MRDZINOLD
64%
797 969 IZAKOOO
62%
136 127 MOKRYSUCHAR
55%
365 777 XMERGHANI
55%
548 291 H2P_GUCIO
49%
448 757 NEXE_
33%
108 548 NATANZGORZYK
25%
573 905 RYBSONLOL_
25%
159 673 GRAF
24%
168 056 PAGO3
24%
185 701 GRENDY
22%
176 246 MATISKATERRYFL
22%
703 912 NEEXCSGO
22%
337 331 NERVARIEN
20%
110 779 BLADII309
18%
111 881 KUBON_
18%
345 285 OVERPOW
18%
253 197 SLAYPROXX
18%
176 928 XTHOREK
16%
114 074 ARQUEL
15%
126 564 PARISPLATYNOV
15%
225 169 XNTENTACION
15%
183 879 DELORDIONE
11%
129 416 ANGELA35
9%
111 473 TESTREE
7%
194 029 BONKOL
5%
189 366 CYGAN___
4%
235 579 PUTREFY
4%
367 675 QLNEK
4%
159 758 SZELIOFICJALNIE
4%
124 736 NEWMULTISHOW
2%
119 174 OFFICIALHYPER
2%
135 893 SZZALONY
0%
137 571 TAMAE_SENPAI
0%
120 529 ZWIERZACZUNIO
0%
Nie znaleziono quizów pasujących do podanych kryteriów
Rozkład punktacji
Procent ludzi z każdym wynikiem
Percentyl według liczby udzielonych odpowiedzi
Twoja historia wyników
Nie rozwiązałeś tego quizu